| 000 | 00504nam a2200157 a 4500 | ||
|---|---|---|---|
| 008 | 120416s1972 xx |||||||||||||| || u | ||
| 050 | _aHD 31 Han | ||
| 100 | _aHaner, F. T | ||
| 245 | 1 | 0 | _aBusiness policy, planning, and strategy |
| 260 | _c[1972] | ||
| 350 | _a0.00 | ||
| 650 | 0 | _aBUSINESS PLANNING | |
| 650 | 0 | _aBUSINESS | |
| 650 | _aBUSINESS POLICY | ||
| 995 |
_D0.00 _FCBU-MAIN LIBRARY (Kitwe) _H1 _I0.00 _M1 _UDAMAGED _ZMain Library Open Access Collection |
||
| 999 |
_c36505 _d36505 |
||